LEADER 03949nam 2200997 450 001 9910790708603321 005 20200520144314.0 010 $a0-520-95672-9 024 7 $a10.1525/9780520956728 035 $a(CKB)2550000001180428 035 $a(EBL)1593893 035 $a(SSID)ssj0001084639 035 $a(PQKBManifestationID)11591857 035 $a(PQKBTitleCode)TC0001084639 035 $a(PQKBWorkID)11036294 035 $a(PQKB)11297704 035 $a(OCoLC)867930555 035 $a(MdBmJHUP)muse32313 035 $a(DE-B1597)520663 035 $a(DE-B1597)9780520956728 035 $a(Au-PeEL)EBL1593893 035 $a(CaPaEBR)ebr10826598 035 $a(CaONFJC)MIL560484 035 $a(MiAaPQ)EBC1593893 035 $a(EXLCZ)992550000001180428 100 $a20140128h20142014 uy 0 101 0 $aeng 135 $aur|n|---||||| 181 $ctxt 182 $cc 183 $acr 200 10$aNorth American amphibians $edistribution and diversity /$fDavid M. Green [and three others] ; authors 210 1$aBerkeley, California :$cUniversity of California Press,$d2014. 210 4$dİ2014 215 $a1 online resource (354 p.) 300 $aIncludes index. 311 $a0-520-26672-2 311 $a1-306-29233-6 320 $aIncludes bibliographical references and index. 327 $tFrontmatter -- $tCONTENTS -- $tPreface -- $tIntroduction -- $tFrogs of North America -- $tSalamanders of North America -- $tMapping North American Amphibians -- $tFurther Reading -- $tNotes -- $tAcknowledgements -- $tIndex 330 $aSome 300 species of amphibians inhabit North America. The past two decades have seen an enormous growth in interest about amphibians and an increased intensity of scientific research into their fascinating biology and continent-wide distribution. This atlas presents the spectacular diversity of North American amphibians in a geographic context. It covers all formally recognized amphibian species found in the United States and Canada, many of which are endangered or threatened with extinction. Illustrated with maps and photos, the species accounts provide current information about distribution, habitat, and conservation. Researchers, professional herpetologists, and anyone intrigued by amphibians will value North American Amphibians as a guide and reference.   606 $aAmphibians$zNorth America 610 $aamerican amphibians. 610 $aamerican bullfrogs. 610 $aamphibian species. 610 $aamphibians. 610 $aanimals. 610 $abiology. 610 $ablind salamanders. 610 $acanada. 610 $aconservation. 610 $aengaging. 610 $aenvironmental. 610 $afield guide. 610 $ageographic context. 610 $ahabitat. 610 $aillustrated. 610 $alife sciences. 610 $amaps. 610 $anature. 610 $anorth american amphibians. 610 $aphotography. 610 $aphotos. 610 $aprofessional herpetologists. 610 $areference. 610 $ascience and math. 610 $ascience. 610 $ascientific research. 610 $aspecies distribution. 610 $aspectacular diversity. 610 $aunited states. 615 0$aAmphibians 676 $a597.8 686 $aSCI008000$aNAT001000$2bisacsh 700 $aGreen$b David M$0151082 702 $aCasper$b Gary S., $4edt$4http://id.loc.gov/vocabulary/relators/edt 702 $aGreen$b David M., $4edt$4http://id.loc.gov/vocabulary/relators/edt 702 $aLannoo$b Michael, $4edt$4http://id.loc.gov/vocabulary/relators/edt 702 $aWeir$b Linda A., $4edt$4http://id.loc.gov/vocabulary/relators/edt 801 0$bMiAaPQ 801 1$bMiAaPQ 801 2$bMiAaPQ 906 $aBOOK 912 $a9910790708603321 996 $aNorth American amphibians$93707636 997 $aUNINA LEADER 01600nam 2200421 450 001 9910818527803321 005 20230809234303.0 010 $a3-7369-8536-3 035 $a(CKB)4340000000197957 035 $a(MiAaPQ)EBC5019986 035 $a(EXLCZ)994340000000197957 100 $a20170928h20172017 uy 0 101 0 $aeng 135 $aurcnu|||||||| 181 $2rdacontent 182 $2rdamedia 183 $2rdacarrier 200 10$aMagnesium, potassium and nitrogen deficiency-induced responses of crops and their impact on water-use efficiency - from protein to plant scale /$fby Merle Trankner 210 1$aGottingen, [Germany] :$cCuvillier Verlag,$d2017. 210 4$dİ2017 215 $a1 online resource (135 pages) $cillustrations 225 0 $aInstitute of Applied Plant Nutrition 300 $a"Dissertation to obtain the Ph. D. degree in the International Ph. D. Program for Agricultural Sciences in Goettingen (IPAG) at the Faculty of Agricultural Sciences, Georg-August-University Gottingen, Germany." 311 $a3-7369-9536-9 320 $aIncludes bibliographical references. 606 $aMagnesium 606 $aMagnesium$vCongresses 615 0$aMagnesium. 615 0$aMagnesium 676 $a620.187 700 $aTrankner$b Merle$01666960 801 0$bMiAaPQ 801 1$bMiAaPQ 801 2$bMiAaPQ 906 $aBOOK 912 $a9910818527803321 996 $aMagnesium, potassium and nitrogen deficiency-induced responses of crops and their impact on water-use efficiency - from protein to plant scale$94026511 997 $aUNINA LEADER 01033nam0-22002891i-450 001 990005342410403321 005 20240521124045.0 035 $a000534241 035 $aFED01000534241 035 $a(Aleph)000534241FED01 035 $a000534241 100 $a19990530d1947----km-y0itay50------ba 101 0 $aita 105 $ay-------001yy 200 1 $aCarbonia (Cagliari)$eScoperta di tombe romane in localita Campo Frassoi, Cabud'Aquas, Sa Cresiedda ed altre tracce archeologiche del Sulcis$fGiovanni Lilliu 210 $as.l.$cs.e.$d1947 215 $aP. 313-330$d35 cm 300 $aAtti dell'Accademia Nazionale dei Lincei. Notizie degli scavi di antichita. Estratto dal Volume VIII Serie VIII, fascicoli 1-12 (1947) 700 1$aLilliu,$bGiovanni$f<1914- >$0158387 712 0 $aAccademia nazionale dei Lincei 801 0$aIT$bUNINA$gRICA$2UNIMARC 901 $aBK 912 $a990005342410403321 952 $aARCH. X MISC. 25 (10)$bS.I.$fFLFBC 959 $aFLFBC 996 $aCarbonia (Cagliari$9600111 997 $aUNINA